LEADER 01148nas 2200373 c 450 001 9910895277703321 005 20260218112634.0 035 $a(CKB)4100000011372812 035 $a(DE-599)ZDB3033018-X 035 $a(DE-101)1214905943 035 $a(DE-599)3033018-X 035 $a(EXLCZ)994100000011372812 100 $a20200731a20089999 |y | 101 0 $acat 135 $aur||||||||||| 181 $ctxt$2rdacontent 182 $cc$2rdamedia 183 $acr$2rdacarrier 200 10$aMemo?ria$fAssociacio? Orfeo? Catala?, Fundacio? Orfeo? Catala?-Palau de la Mu?sica 210 31$a[Barcelona]$cAssociacio? Orfeo? Catala?$a[Barcelona]$cFundacio? Orfeo? Catala?-Palau de la Mu?sica$d[zwischen 2008 und 2010?]- 215 $aOnline-Ressource 300 $aGesehen am 31. Juli 2020 517 1 $aMemo?ria anual 608 $aZeitschrift$2gnd-content 676 $a780 676 $a784 712 02$aFundacio? Orfeo? Catala?-Palau de la Mu?sica$4aut 801 0$b0204 801 1$bDE-101 801 2$b9001 906 $aJOURNAL 912 $a9910895277703321 996 $aMemoria$989792 997 $aUNINA